| 000 | 00707nam a2200205Ia 4500 | ||
|---|---|---|---|
| 001 | 15430 | ||
| 003 | GE_BSU | ||
| 008 | 181216s||||||||xx |||||||||||||| ||und|| | ||
| 040 | _cGE_BSU | ||
| 080 | _a821.353.1-32 | ||
| 100 | _aჩაჩანიძე,როდამ | ||
| 245 | _aლურჯი სეინერის კაპიტანი | ||
| 245 | _cრედ.რ.მარგიანი. მხატვ.ირ.ჯანაშვილი | ||
| 260 | _aთბილისი | ||
| 260 | _bსაბჭოთა საქართველო | ||
| 260 | _c1959 | ||
| 300 | _a96გვ.17სმ. | ||
| 653 | _aლურჯი სეინერის კაპიტანი | ||
| 942 | _cBK | ||
| 999 |
_c48533 _d48533 |
||